Zlaté mince

Najstaršie zlaté mince. Vývoj gréckych mincí, mincí antického Ríma a byzantskej ríše. Zlaté mince v Čechách. Československé zlaté mince do r. 1939. Príprava zlatej meny. Povojnové československé zlaté mince.

Saved in:
Bibliographic Details
Main Author: Hrdá, Alena
Other Authors: Pekárek, J.
Format: Book Chapter
Language:Czech
Subjects:
Tags: Add Tag
No Tags, Be the first to tag this record!

MARC

LEADER 00000naa a2200000 4500
001 r017610
005 20221205101318.3
041 0 |a cze 
044 |a CZ 
245 1 0 |a Zlaté mince  |c Alena Hrdá, J. Pekárek 
520 |a Najstaršie zlaté mince. Vývoj gréckych mincí, mincí antického Ríma a byzantskej ríše. Zlaté mince v Čechách. Československé zlaté mince do r. 1939. Príprava zlatej meny. Povojnové československé zlaté mince. 
610 2 0 |a mince 
610 2 0 |a zlato 
610 2 0 |a história 
610 2 0 |a ČSR 
610 2 0 |a Česko 
100 1 |a Hrdá, Alena 
700 1 |a Pekárek, J.